| 000 | 00581nam a22001937a 4500 | ||
|---|---|---|---|
| 003 | 0 | ||
| 005 | 20240109095606.0 | ||
| 008 | 240109b xxu||||| |||| 00| 0 eng d | ||
| 020 | _a978-621-409-134-8 | ||
| 050 |
_aQA 37.2 _b.So67 2019 |
||
| 082 |
_aQA 37.2 _b.So67 2019 |
||
| 100 | _aSoriano, Jeffrey M. | ||
| 245 |
_aMathematics in the modern world _cJeffrey M. Soriano |
||
| 260 |
_aMandaluyong City _bBooks Atbp. Publishing Corp. _cc2019. |
||
| 300 |
_a209 pages ; _c25cm. |
||
| 504 | _aIncludes bibliographical references. | ||
| 650 | _aMathematics. | ||
| 942 |
_2lcc _cBK |
||
| 999 |
_c365823 _d365823 |
||